Le p'tit Quinquin d'Alexandre Desrousseaux (Record no. 170304)

MARC details
000 -LEADER
campo de control de longitud fija 00659nam a22001935i 4500
001 - NÚMERO DE CONTROL
campo de control 170304
003 - IDENTIFICADOR DE NÚMERO DE CONTROL
campo de control ES-MaACL
005 - FECHA Y HORA DE LA ÚLTIMA TRANSACCIÓN
campo de control 20230906214340.0
008 - DATOS DE LONGITUD FIJA--INFORMACIÓN GENERAL
campo de control de longitud fija 090223s1998 fr |||| | fre d
020 ## - NÚMERO INTERNACIONAL ESTÁNDAR DEL LIBRO
Número Internacional Estándar del Libro 2-9503-107-4-5
080 ## - NÚMERO DE LA CLASIFICACIÓN DECIMAL UNIVERSAL
Número de la Clasificación Decimal Universal 398.831(44)
100 1# - ENTRADA PRINCIPAL--NOMBRE DE PERSONA
Nombre de persona Dubois, Guy.
9 (RLIN) 139499
245 13 - MENCIÓN DEL TÍTULO
Título Le p'tit Quinquin d'Alexandre Desrousseaux
Resto del título : pour bien comprendre l'canchon dormoire /
Mención de responsabilidad, etc. par Guy Dubois.
260 ## - PUBLICACIÓN, DISTRIBUCIÓN, ETC.
Lugar de publicación, distribución, etc. [S.l. :
Nombre del editor, distribuidor, etc. s.n.,
Fecha de publicación, distribución, etc. 1998]
300 ## - DESCRIPCIÓN FÍSICA
Extensión 30 p. :
Otras características físicas il. ;
Dimensiones 21 cm.
650 ## - PUNTO DE ACCESO ADICIONAL DE MATERIA--TÉRMINO DE MATERIA
Término de materia o nombre geográfico como elemento de entrada Canciones de cuna.
9 (RLIN) 171438
700 1# - ENTRADA AGREGADA--NOMBRE PERSONAL
Nombre de persona Desrousseaux, Alexandre.
9 (RLIN) 139501
852 ## - LOCALIZACIÓN
Ubicación ES-MaACL
Número de control de estantería 2249-F-2
itemnumber R.140894
Nota libre .- Biblioteca Jacinto Martínez Lacalle
Holdings
Estatus retirado Estado de pérdida Estado de daño No para préstamo Colección Biblioteca de origen Biblioteca actual Ubicación en estantería Fecha de adquisición Fuente de adquisición Total de préstamos Signatura topográfica completa Código de barras Visto por última vez Precio de reemplazo Tipo de ítem Koha
        Colección de folletos Biblioteca del Ateneo de Madrid Biblioteca del Ateneo de Madrid Depósito folletos 23/02/2009     2249-F-2 1178791 23/02/2023 23/02/2023 Folleto